Statistics for Every Town in Hungary with a Map

Click here to take the quiz!

General Stats

  • This quiz has been taken 186 times
  • The average score is 121 of 348

Answers on the Map

Answers color-coded by a green-red scale on the quiz's map according to % correct below.
 

Answer Stats

Answer% Correct
Budapest
98%
Eger
91%
Pécs
91%
Szeged
91%
Debrecen
88%
Győr
88%
Sopron
88%
Békés
86%
Miskolc
86%
Tát
86%
Veszprém
86%
Békéscsaba
84%
Érd
84%
Esztergom
84%
Tata
84%
Tatabánya
84%
Kecskemét
81%
Székesfehérvár
81%
Komárom
79%
Mosonmagyaróvár
79%
Nyíregyháza
79%
Szolnok
79%
Balatonfüred
77%
Kaposvár
77%
Salgótarján
77%
Siófok
77%
Szombathely
77%
Zalaegerszeg
77%
Gyula
74%
Göd
72%
Gödöllő
72%
Keszthely
72%
Szekszárd
72%
Cegléd
70%
Vác
70%
Dunaújváros
67%
Baja
65%
Budaörs
65%
Hajdúszoboszló
65%
Nagykanizsa
65%
Ózd
65%
Szentendre
63%
Balassagyarmat
60%
Hódmezővásárhely
60%
Kiskunfélegyháza
60%
Paks
60%
Tapolca
60%
Tiszaújváros
60%
Csongrád
58%
Gyöngyös
58%
Makó
58%
Orosháza
58%
Pilis
58%
Visegrád
58%
Ajka
56%
Balatonföldvár
56%
Dunakeszi
56%
Fonyód
56%
Hatvan
56%
Hévíz
56%
Jászberény
56%
Velence
56%
Kőszeg
53%
Tolna
53%
Budakeszi
51%
Pápa
51%
Balatonboglár
49%
Biatorbágy
49%
Mohács
49%
Nagykőrös
49%
Piliscsaba
49%
Sátoraljaújhely
49%
Szentes
49%
Zalakaros
49%
Balatonalmádi
47%
Balatonfűzfő
47%
Hajdúböszörmény
47%
Kazincbarcika
47%
Mezőkövesd
47%
Sárvár
47%
Szob
47%
Zamárdi
47%
Aba
44%
Dunaföldvár
44%
Fót
44%
Füzesabony
44%
Karcag
44%
Kiskőrös
44%
Kiskunhalas
44%
Nagymaros
44%
Oroszlány
44%
Pannonhalma
44%
Pécel
44%
Pilisvörösvár
44%
Szarvas
44%
Szentgotthárd
44%
Szigetszentmiklós
44%
Szigetvár
44%
Tiszafüred
44%
Törökbálint
44%
Vecsés
44%
Aszód
42%
Balatonkenese
42%
Dombóvár
42%
Dunaharaszti
42%
Gárdony
42%
Mór
42%
Nagyatád
42%
Várpalota
42%
Barcs
40%
Bátonyterenye
40%
Budakalász
40%
Dorog
40%
Gyál
40%
Körmend
40%
Lenti
40%
Letenye
40%
Mezőtúr
40%
Monor
40%
Ráckeve
40%
Szécsény
40%
Tét
40%
Badacsonytomaj
37%
Balatonlelle
37%
Berettyóújfalu
37%
Celldömölk
37%
Fertőd
37%
Hajdúnánás
37%
Heves
37%
Jászfényszaru
37%
Kapuvár
37%
Kistarcsa
37%
Mezőhegyes
37%
Sárospatak
37%
Tokaj
37%
Vasvár
37%
Záhony
37%
Zsámbék
37%
Dabas
35%
Diósd
35%
Jászapáti
35%
Mórahalom
35%
Nyírbátor
35%
Sümeg
35%
Százhalombatta
35%
Törökszentmiklós
35%
Tura
35%
Zalaszentgrót
35%
Bicske
33%
Csorna
33%
Harkány
33%
Kalocsa
33%
Kiskunmajsa
33%
Kisvárda
33%
Komló
33%
Lajosmizse
33%
Maglód
33%
Nagykáta
33%
Pécsvárad
33%
Siklós
33%
Tiszaföldvár
33%
Üllő
33%
Villány
33%
Zirc
33%
Abony
30%
Bélapátfalva
30%
Bonyhád
30%
Devecser
30%
Marcali
30%
Mátészalka
30%
Pásztó
30%
Püspökladány
30%
Putnok
30%
Simontornya
30%
Szentlőrinc
30%
Tiszakécske
30%
Abádszalók
28%
Bátaszék
28%
Battonya
28%
Ercsi
28%
Gyöngyöspata
28%
Isaszeg
28%
Kunszentmiklós
28%
Lébény
28%
Lőrinci
28%
Mezőkovácsháza
28%
Pétervására
28%
Rétság
28%
Solt
28%
Tab
28%
Tamási
28%
Tiszalök
28%
Veresegyház
28%
Ács
26%
Bácsalmás
26%
Bük
26%
Csurgó
26%
Dunavarsány
26%
Gyomaendrőd
26%
Herend
26%
Kisbér
26%
Kiskunlacháza
26%
Kisújszállás
26%
Martonvásár
26%
Mezőkeresztes
26%
Nagybajom
26%
Polgár
26%
Pusztaszabolcs
26%
Sülysáp
26%
Tököl
26%
Vásárosnamény
26%
Ajak
23%
Csanádpalota
23%
Enying
23%
Fehérgyarmat
23%
Hajdúhadház
23%
Jászárokszállás
23%
Jászkisér
23%
Nyírlugos
23%
Sándorfalva
23%
Sárbogárd
23%
Soltvadkert
23%
Tompa
23%
Újfehértó
23%
Albertirsa
21%
Balmazújváros
21%
Biharkeresztes
21%
Elek
21%
Encs
21%
Gyömrő
21%
Kerepes
21%
Kisköre
21%
Lábatlan
21%
Mezőberény
21%
Mindszent
21%
Nyergesújfalu
21%
Nyíradony
21%
Pomáz
21%
Rácalmás
21%
Sarkad
21%
Szerencs
21%
Szigethalom
21%
Túrkeve
21%
Verpelét
21%
Bábolna
19%
Beled
19%
Bodajk
19%
Fegyvernek
19%
Fertőszentmiklós
19%
Igal
19%
Jánossomorja
19%
Kistelek
19%
Kozármisleny
19%
Kunszentmárton
19%
Létavértes
19%
Máriapócs
19%
Mélykút
19%
Mezőcsát
19%
Ócsa
19%
Polgárdi
19%
Sajószentpéter
19%
Szabadszállás
19%
Tiszavasvári
19%
Újszász
19%
Vámospércs
19%
Adony
16%
Bóly
16%
Derecske
16%
Dombrád
16%
Edelény
16%
Füzesgyarmat
16%
Gönc
16%
Hajdúdorog
16%
Hajdúsámson
16%
Halásztelek
16%
Kenderes
16%
Kondoros
16%
Kunhegyes
16%
Martfű
16%
Onga
16%
Őrbottyán
16%
Őriszentpéter
16%
Pacsa
16%
Pálháza
16%
Sásd
16%
Sellye
16%
Szeghalom
16%
Tiszacsege
16%
Zalalövő
16%
Alsózsolca
14%
Baktalórántháza
14%
Berhida
14%
Borsodnádasd
14%
Csákvár
14%
Csenger
14%
Emőd
14%
Felsőzsolca
14%
Hajós
14%
Ibrány
14%
Jánoshalma
14%
Jánosháza
14%
Kaba
14%
Kecel
14%
Medgyesegyháza
14%
Nagyecsed
14%
Nyékládháza
14%
Rakamaz
14%
Rákóczifalva
14%
Rudabánya
14%
Szikszó
14%
Tótkomlós
14%
Újkígyós
14%
Vép
14%
Abaújszántó
12%
Balkány
12%
Cigánd
12%
Csepreg
12%
Demecser
12%
Dévaványa
12%
Dunavecse
12%
Gyönk
12%
Izsák
12%
Kadarkút
12%
Kemecse
12%
Komádi
12%
Lengyeltóti
12%
Mágocs
12%
Mándok
12%
Nádudvar
12%
Nagyhalász
12%
Nagykálló
12%
Nyírmada
12%
Nyírtelek
12%
Örkény
12%
Répcelak
12%
Sajóbábony
12%
Szendrő
12%
Tápiószele
12%
Téglás
12%
Újhartyán
12%
Vaja
12%
Vésztő
12%
Besenyszög
9%
Csorvás
9%
Kerekegyháza
9%
Körösladány
9%
Nagymányok
9%
Nyírbogát
9%

Score Distribution

Percentile by Number Answered

Percent of People with Each Score

Your Score History

You have not taken this quiz